Văn học Việt Nam kháng chiến chống Pháp (1945-1954)
Những vấn đề về lý luận và phê bình văn học trong kháng chiến chống Pháp. Văn xuôi, thơ ca và sân khấu kháng chiến: tác giả, tác phẩm, tư tưởng, nhân vật trung tâm, ngôn ngữ và các hình thức thể hiện
में बचाया:
| अन्य लेखक: | , |
|---|---|
| स्वरूप: | पुस्तक |
| भाषा: | Vietnamese |
| प्रकाशित: |
H.
Nxb Khoa học xã hội
1986
|
| विषय: | |
| टैग : |
टैग जोड़ें
कोई टैग नहीं, इस रिकॉर्ड को टैग करने वाले पहले व्यक्ति बनें!
|
| Thư viện lưu trữ: | Mạng thư viện Đại học Đà Nẵng |
|---|
| LEADER | 01445nam a2200361 4500 | ||
|---|---|---|---|
| 001 | 000004019 | ||
| 003 | 147 | ||
| 005 | 20121211001238.0 | ||
| 008 | 110714s1986 viesd | ||
| 020 | |c 14000đ | ||
| 041 | 0 | |a vie | |
| 082 | |a 895.922 |b VIE | ||
| 245 | 0 | |a Văn học Việt Nam kháng chiến chống Pháp (1945-1954) |c Phong Lê, Vũ Tuấn Anh, Vũ Đức Phúc | |
| 260 | |a H. |b Nxb Khoa học xã hội |c 1986 | ||
| 300 | |a 279tr |c 19cm | ||
| 520 | |a Những vấn đề về lý luận và phê bình văn học trong kháng chiến chống Pháp. Văn xuôi, thơ ca và sân khấu kháng chiến: tác giả, tác phẩm, tư tưởng, nhân vật trung tâm, ngôn ngữ và các hình thức thể hiện | ||
| 653 | |a phê bình văn học | ||
| 653 | |a Việt Nam | ||
| 653 | |a kháng chiến chống Phápkịch nói | ||
| 653 | |a Lý luận văn học | ||
| 700 | |a Vũ Đức Phúc | ||
| 700 | |a Vũ Tuấn Anh | ||
| 910 | |a ĐTCƯỜNG |d 14/07/2011 | ||
| OWN | |a LSP | ||
| AVA | |a UDN50 |b LSP |d 895.922 VIE |e unavailable |t Error 5002 Not defined in file expand_doc_bib_avail. |f 1 |g 1 |h N |i 0 |k 1 | ||
| 999 | |a From the UDN01 | ||
| AVA | |a UDN50 |b LSP |d 895.922 VIE |e unavailable |t Error 5002 Not defined in file expand_doc_bib_avail. |f 1 |g 1 |h N |i 0 |k 1 | ||
| TYP | |a Monograph | ||
| TYP | |a Printed language | ||
| 980 | |a Mạng thư viện Đại học Đà Nẵng | ||